| 000 | 00685nam a2200217 a 4500 | ||
|---|---|---|---|
| 001 | 000022567 | ||
| 005 | 20200930021659.0 | ||
| 008 | 101013s2000 dr a 000 0 spa d | ||
| 020 | _a8449309182 | ||
| 040 |
_aDO-SdBNP _bspa _cBNPHU |
||
| 082 |
_axxx _bH699i |
||
| 100 | 1 |
_aHoffman, Donald D. _946448 |
|
| 240 | 1 | 3 | _aVisual intelligence |
| 245 | 1 | 0 |
_aInteligencia visual : _bComo creamos lo que vemos / _cDonald D. Hoffman; traducción Daniel Menezo. |
| 260 |
_aBarcelona : _bPaidos, _c2000. |
||
| 300 |
_a381 p. : _bil. ; _c24 cm. |
||
| 500 | _aIncluye índice analítico y de nombres | ||
| 504 | _aBibliografías [p. 304-360] | ||
| 700 | 1 |
_aMenezo, Daniel _946449 |
|
| 049 | _aBNPD | ||
| 999 |
_c22064 _d22064 |
||